Quick Pick: Bart's Prank Calls Quiz Stats

 Plays Quiz Updated Apr 1, 2020

Support Sporcle.
Go Orange.
Score 0/12 Timer 01:00
0 Plays Today
% Correct
Al Coholic
88.2%
Seymour Butz
85.7%
Hugh Jass
83.5%
I.P. Freely
81%
Ivana Tinkle
79.6%
Amanda Hugginkiss
76.7%
Anita Bath
74.1%
Mike Rotch
70.4%
Homer Sexual
69.6%
Maya Buttreeks
67.4%
Jacques Strap
62.4%
Bea O'Problem
46.9%

Today's Daily Dose

Word Ladder
GOT7 Songs

Quick Pick
Women Comedians

Get the Picture
Collectibles

From the Vault

Dead Language Multiple Choice

by Hejman

Has a dead language ever been revived?
Remove Ads.
Support Sporcle.
Get the best of Sporcle when you Go Orange. This ad-free experience offers more features, more stats, and more fun while also helping to support Sporcle. Thank you for becoming a member.

Show Comments

Extras

Top Quizzes Today


Score Distribution

Your Account Isn't Verified!

In order to create a playlist on Sporcle, you need to verify the email address you used during registration. Go to your Sporcle Settings to finish the process.

Report this User

Report this user for behavior that violates our Community Guidelines.

Details: